| 000 | 01112nam a22003137a 4500 | ||
|---|---|---|---|
| 001 | BR2013007973 | ||
| 003 | BR-BrBNA | ||
| 005 | 20230928104258.0 | ||
| 007 | ta | ||
| 008 | 230509b bl.||||| |||| 00| 0 por d | ||
| 040 |
_aBR-BrBNA _bpor _cBiblioteca Nacional de Agricultura |
||
| 041 | _a(Por) | ||
| 072 |
_aL53 _b6100 _b9644 |
||
| 090 | _ 6100 BR2013007973 | ||
| 100 | 1 | _aBarbosa, V.M. | |
| 110 | 1 |
_aUniversidade Federal de Minas Gerais, Belo Horizonte, MG (Brasil). Escola de Veterinária _0Tese (Mestre em Zootecnia) _910868 |
|
| 245 | 1 | _aEfeitos do momento de transferência para o nascedouro e da idade da matriz pesada sobre o status fisiológico de embriões e pintos, rendimento da incubação e desempenho da progênie | |
| 260 | 3 |
_aBelo Horizonte, MG (Brasil): _c2011. |
|
| 300 | _a117 p. | ||
| 500 | _aBibliography p. 103-112; Summaries (Eng, Por); 30 illus.; 86 tables | ||
| 650 | _aFRANGO DE CORTE | ||
| 650 | _aCRIAÇÃO | ||
| 650 | _aOVO | ||
| 650 | _aCASCA DE OVO | ||
| 650 | _aECLODIBILIDADE | ||
| 650 | _aINCUBAÇÃO | ||
| 909 |
_a202309 _bLucia _c55 _dLucia Elande |
||
| 942 | _cBK | ||
| 999 |
_c79057 _d79057 |
||